00650nam a22002177a 4500003000500000005001700005008004100022010001000063011001000073035001000083040000900093082001500102100002500117245002700142260005400169300002900223490005200252650002000304650005600324830005200380CHAP20220817043256.0971013s1983 r 00010 d a70271 a71243 a80797 cCHAP a636.2bB3300aBaker, Frank H.eed. aDairy science handbook aBoulder, Colorado :bWinrock International,c1983 a526 p.b: ilus ; gráfs aInternational stockmen's school handbooksv; 1514aGanado lechero.14aProcesamiento automático de datos en ganadería.0 aInternational stockmen's school handbooksv; 15